Ako sa prezentujeme

Bibliographic Details
Main Author: Petrová, Magda (Author)
Format: Article
Language:Slovak
PhysicalDescription:Obr.
Subjects:

MARC

LEADER 00000nab a2200000 a 4500
001 vtls000824430
003 SK-MaSNL
005 20260303174706.0
008 160324c2002 xo 0 slo
015 |a SNBRB2003/02-04860 
035 |a CLN000176085 
040 |a SNKBUCL  |b slo  |c SNKBUCL  |e AACR2 
041 0 |a slo 
044 |a xo  |c SK 
080 |a 615.27:616.12  |2 1997 
100 1 |a Petrová, Magda  |4 aut  |9 576595 
245 1 0 |a Ako sa prezentujeme  |c Magda Petrová 
300 |b Obr. 
650 0 7 |a látky kardiovaskulárne  |2 snkbucl  |9 1202517 
650 0 7 |a anticholesteremiká  |2 snkbucl  |9 846498 
650 0 7 |a kardiovaskulárne choroby  |2 snkbucl  |9 2500 
650 0 7 |a Febira (liek)  |2 snkbucl  |9 1202518 
655 7 |a články z novín a časopisov  |2 snkbucl  |9 267496 
773 0 |t Liečivár  |g Roč. 26, č. 10 (2002), s. 5 
850 |a Slovenská národná knižnica v Martine 
852 |a SNK  |b KIS3GCP 
958 |a MI 
958 |a RBX 
999 |c 2098021  |d 2099951